000 00697nam a2200205 a 4500
008 130417s2002 ||||||||||||||||| || u
020 _a9780340804612
050 _aQP 34.5 Hig
100 _aSimms, James
245 1 0 _aHigher human biology. (2nd ed.)
_cby James Torrance; (and others)
250 _a2nd ed.
260 _aPaisley, Scotland:
_bHodder Gibson
_c2002
300 _av, 376p.: ill.
650 0 _aBIOLOGY
650 0 _aHUMAN BIOLOGY
700 _aMarsh, Clare
700 _aFullarton, James
700 _aTorrance, James
995 _FCBU-MAIN LIBRARY (Kitwe)
_M1
_UAVAILABLE
_WMay 31, 2013
_ZMain Library Open Access Collection
999 _c45545
_d45545